South Eastern Kenya University

Library Online Public Access Catalogue


The sanctuary / (Record no. 12479)

MARC details
000 -LEADER
fixed length control field 01004cam a2200289 a 4500
001 - CONTROL NUMBER
control field 14966655
003 - CONTROL NUMBER IDENTIFIER
control field OSt
005 - DATE AND TIME OF LATEST TRANSACTION
control field 20160407084350.0
008 - FIXED-LENGTH DATA ELEMENTS--GENERAL INFORMATION
fixed length control field 070814s2007 nyu 000 1 eng
010 ## - LIBRARY OF CONGRESS CONTROL NUMBER
LC control number 2007033491
020 ## - INTERNATIONAL STANDARD BOOK NUMBER
International Standard Book Number 9780525950295
020 ## - INTERNATIONAL STANDARD BOOK NUMBER
International Standard Book Number 052595029X
035 ## - SYSTEM CONTROL NUMBER
System control number (OCoLC)ocn144557883
035 ## - SYSTEM CONTROL NUMBER
System control number (OCoLC)144557883
040 ## - CATALOGING SOURCE
Original cataloging agency SEKU
050 00 - LIBRARY OF CONGRESS CALL NUMBER
Classification number PR 6111
Item number .K43
082 00 - DEWEY DECIMAL CLASSIFICATION NUMBER
Classification number 823/.92
Edition number 22
100 1# - MAIN ENTRY--PERSONAL NAME
Personal name Khoury, Raymond.
245 14 - TITLE STATEMENT
Title The sanctuary /
Statement of responsibility, etc. Raymond Khoury.
260 ## - PUBLICATION, DISTRIBUTION, ETC. (IMPRINT)
Place of publication, distribution, etc. New York :
Name of publisher, distributor, etc. Dutton,
Date of publication, distribution, etc. 2007.
300 ## - PHYSICAL DESCRIPTION
Extent 432 p. ;
Dimensions 24 cm.
520 ## - SUMMARY, ETC.
Summary, etc. More than 250 years after a pretender marquis escapes the palazzo of his vengeful prince, an American Army unit discovers a secret lab in Baghdad where victims have been subjected to torturous experiments, a finding that places two women on the trail of an ancient mystery.
650 #0 - SUBJECT ADDED ENTRY--TOPICAL TERM
Topical term or geographic name as entry element Women geneticists
Form subdivision Fiction.
650 #0 - SUBJECT ADDED ENTRY--TOPICAL TERM
Topical term or geographic name as entry element Antiquities
Form subdivision Fiction.
655 #7 - INDEX TERM--GENRE/FORM
Genre/form data or focus term Suspense fiction.
Source of term gsafd
942 ## - ADDED ENTRY ELEMENTS (KOHA)
Source of classification or shelving scheme Library of Congress Classification
Koha item type General circulation
Holdings
Withdrawn status Lost status Source of classification or shelving scheme Damaged status Not for loan Home library Current library Shelving location Date acquired Total Checkouts Full call number Barcode Checked out Date last seen Date last checked out Price effective from Koha item type Public note
    Library of Congress Classification     Main Campus Library Main Campus Library General Stacks 07/04/2016 2 PR 6111 .K43 2016/015985 08/05/2026 21/04/2026 21/04/2026 07/04/2016 General circulation stv
Kitui, Kenya.
+254736116989
library@seku.ac.ke